Largest Municipalities in New Mexico by First Letter - Statistics

General Stats
  • This quiz has been taken 8 times
  • The average score is 11 of 19
Answer Stats
First Letter County Population Municipality % Correct
A Bernalillo 557,198 Albuquerque
100%
S Santa Fe 90,125 Santa Fe
100%
L Dona Ana 117,021 Las Cruces
88%
T Taos 6,385 Taos
88%
F San Juan 46,061 Farmington
75%
G McKinley 19,548 Gallup
75%
C Curry 37,011 Clovis
63%
D Luna 14,481 Deming
63%
H Lea 38,538 Hobbs
63%
J Lea 2,042 Jal
63%
R Sandoval 114,811 Rio Rancho
63%
B Sandoval 9,172 Bernalillo
50%
P Roosevelt 11,681 Portales
50%
Q Taos 1,796 Questa
50%
E Rio Arriba 10,367 Espanola
38%
V Guadalupe 258 Vaughn
38%
W Sierra 462 Williamsburg
25%
K San Juan 572 Kirtland
13%
M Cibola 2,455 Milan
13%
No matching quizzes found
Score Distribution
Percent of People with Each Score
Percentile by Number Answered
Your Score History
You have not taken this quiz